[Event "World Blitz 2025"]
[Site "Doha QAT"]
[Date "2025.12.29"]
[Round "10.32"]
[White "Tabatabaei, M. Amin"]
[Black "Rapport, Richard"]
[Result "0-1"]
[WhiteTitle "GM"]
[BlackTitle "GM"]
[WhiteElo "2700"]
[BlackElo "2741"]
[WhiteFideId "12521213"]
[BlackFideId "738590"]
[EventDate "2025.12.29"]

1. d4 Nf6 2. Nc3 d5 3. Bf4 Bf5 4. e3 c6 5. Bd3 Bg6 6. h4 e6 7. h5 Bxd3 8. Qxd3
Nbd7 9. Nf3 h6 10. a3 a5 11. e4 dxe4 12. Nxe4 Nxe4 13. Qxe4 Nf6 14. Qe2 b5 15.
a4 Qd5 16. axb5 cxb5 17. Ne5 Be7 18. O-O O-O 19. Rfd1 a4 20. c3 Rac8 21. Rd3 Qe4
22. Qxe4 Nxe4 23. f3 Nf6 24. g4 Nd5 25. Bd2 Bd6 26. f4 Bxe5 27. dxe5 Rc4 28. Rf1
Ra8 29. Kg2 b4 30. cxb4 Rc2 31. Rf2 Rxb2 32. Ra3 Nb6 33. Be1 Rb1 34. Bc3 Rd8 35.
Raa2 Rd3 36. Rfc2 Nd5 37. Bd2 a3 38. Kf2 Rh1 39. Kg2 Rdh3 40. b5 R1h2+ 41. Kg1
Re2 42. Kf1 Rhh2 43. b6 Ne3+ 44. Bxe3 Rxc2 45. Rxa3 Rh1+ 46. Bg1 Rb2 47. Ra6 Kh7
48. Ra1 g6 49. Rc1 gxh5 50. gxh5 Kg7 51. Ra1 Rxh5 52. Ra8 Rh4 53. Bd4 Rxf4+ 0-1

[Event "World Blitz 2025"]
[Site "Doha QAT"]
[Date "2025.12.29"]
[Round "10.33"]
[White "Stefansson, Vignir Vatnar"]
[Black "Maksimovic, Bojan"]
[Result "1/2-1/2"]
[WhiteTitle "GM"]
[BlackTitle "GM"]
[WhiteElo "2519"]
[BlackElo "2533"]
[WhiteFideId "2308649"]
[BlackFideId "14408120"]
[EventDate "2025.12.29"]

1. d4 Nf6 2. Nf3 d6 3. Nbd2 Nbd7 4. e4 e5 5. g3 Be7 6. Bg2 O-O 7. O-O b6 8. Re1
Bb7 9. c4 Re8 10. d5 a5 11. Nb1 Nc5 12. Nc3 Bc8 13. b3 Bg4 14. h3 Bd7 15. Qc2 h6
16. Be3 Nh7 17. a3 a4 18. b4 Nb3 19. Rad1 Ng5 20. Nxg5 Bxg5 21. Qe2 Bxe3 22.
fxe3 Qg5 23. Qf2 Rf8 24. Kh2 f5 25. exf5 Rxf5 26. Qe2 Raf8 27. Rf1 Rxf1 28. Rxf1
Rxf1 29. Bxf1 Qf5 30. Bg2 Nc1 31. Qd1 Nb3 32. Qe2 Nc1 33. Qd1 Nb3 34. Qe2 Nc1 1/2-1/2

[Event "World Blitz 2025"]
[Site "Doha QAT"]
[Date "2025.12.29"]
[Round "10.34"]
[White "Matlakov, Maxim"]
[Black "Mamedov, Edgar"]
[Result "0-1"]
[WhiteTitle "GM"]
[BlackTitle "GM"]
[WhiteElo "2606"]
[BlackElo "2492"]
[WhiteFideId "4168003"]
[BlackFideId "13739980"]
[EventDate "2025.12.29"]

1. d4 d5 2. c4 e6 3. Nf3 Nf6 4. g3 Be7 5. Bg2 O-O 6. Nc3 c6 7. O-O b6 8. b3 Nbd7
9. Qd3 Ba6 10. e4 dxc4 11. bxc4 e5 12. Ne2 Nc5 13. Qc2 Ne6 14. Nxe5 Nxd4 15.
Nxd4 Qxd4 16. Bb2 Qc5 17. Qa4 Bb7 18. Nd3 Qa5 19. Qxa5 bxa5 20. e5 Nd7 21. Rfd1
Rad8 22. Bd4 Ba6 23. Bxc6 Bxc4 24. Nf4 Nb6 25. a4 Rc8 26. Bb5 Bb3 27. Rd3 Bc2
28. Rd2 Bb4 29. Re2 Rfd8 30. Bxb6 axb6 31. e6 fxe6 32. Nxe6 Rd2 33. Rxd2 Bxd2
34. Ra2 Bb4 35. Ba6 Rc3 36. Nd4 Be4 37. Ra1 Bc5 38. Ne2 Rc2 39. Kf1 Bf3 40. Rd1
Kf8 41. Bb5 Ra2 42. Rb1 Bxe2+ 43. Bxe2 Rxa4 44. Rb3 Rb4 45. Rxb4 Bxb4 46. Bb5
Ke7 47. Ke2 Kd6 48. Kd3 Kc5 49. Be8 b5 50. f4 a4 51. g4 Be1 52. f5 Bh4 53. h3
Bf6 54. Bd7 Kb4 55. Be8 Ka5 56. Bd7 Kb6 57. Be8 Kc5 58. Bd7 Be5 59. Be8 Bf6 60.
Bd7 h6 61. Be8 Kb4 62. Bd7 Kb3 63. Bxb5 a3 64. Bc4+ Kb2 65. Ke4 a2 66. Bxa2 Kxa2
67. Kd5 Kb3 68. Ke6 Kc4 69. Kf7 Kd5 70. h4 Ke5 71. Kg6 Kd6 72. g5 hxg5 73. hxg5
Ke5 74. Kh5 Kxf5 75. g6 Be5 0-1

[Event "World Blitz 2025"]
[Site "Doha QAT"]
[Date "2025.12.29"]
[Round "10.35"]
[White "Isanzhulov, Arystan"]
[Black "Grandelius, Nils"]
[Result "1/2-1/2"]
[WhiteTitle "IM"]
[BlackTitle "GM"]
[WhiteElo "2419"]
[BlackElo "2664"]
[WhiteFideId "13711644"]
[BlackFideId "1710400"]
[EventDate "2025.12.29"]

1. e4 c5 2. Nf3 e6 3. g3 Nc6 4. Bg2 Nf6 5. d3 d6 6. O-O Be7 7. Re1 O-O 8. Nc3
Bd7 9. a4 Rc8 10. Bf4 e5 11. Bg5 Be6 12. Nd2 Nb4 13. Nc4 Nd7 14. Bd2 b6 15. Nb5
Bxc4 16. dxc4 a6 17. Nc3 Bg5 18. Bxg5 Qxg5 19. Qxd6 Rfd8 20. Qd1 Nf6 21. Nd5
Nbxd5 22. exd5 Re8 23. a5 Rb8 24. axb6 Rxb6 25. b3 h5 26. Qc1 Qf5 27. Qd2 h4 28.
Ra5 Nd7 29. Be4 Qf6 30. Rea1 g6 31. Qe3 Qd6 32. Qg5 hxg3 33. hxg3 Nf6 34. Bg2 e4
35. Qe3 Ng4 36. Qxc5 Qf6 37. Rf1 Rd6 38. b4 Qh8 39. Re1 e3 40. Kf1 Nh2+ 41. Kg1
Ng4 42. Kf1 Nh2+ 1/2-1/2

[Event "World Blitz 2025"]
[Site "Doha QAT"]
[Date "2025.12.29"]
[Round "10.36"]
[White "Pantsulaia, Levan"]
[Black "Stribuk, Artiom"]
[Result "0-1"]
[WhiteTitle "GM"]
[BlackTitle "IM"]
[WhiteElo "2472"]
[BlackElo "2476"]
[WhiteFideId "13602071"]
[BlackFideId "13515659"]
[EventDate "2025.12.29"]

1. Nf3 d5 2. g3 g6 3. c4 dxc4 4. Na3 Be6 5. Qc2 Nc6 6. Nxc4 Bg7 7. d3 Nh6 8. Bg2
Nf5 9. O-O O-O 10. Bf4 Ncd4 11. Nxd4 Nxd4 12. Qd2 Bxc4 13. dxc4 c6 14. Rfd1 Qb6
15. Be3 Rfd8 16. Rab1 Qa6 17. Qb4 Nxe2+ 18. Kh1 e5 19. Rxd8+ Rxd8 20. Qe7 Rf8
21. Qa3 Qxc4 22. Qxa7 Qd3 23. Re1 Nd4 24. Qxb7 Nc2 25. Rf1 Nxe3 26. fxe3 Qxe3
27. Qxc6 Qd4 28. Bd5 Kh8 29. a4 f5 30. a5 e4 31. a6 e3 32. Qc4 Qb6 33. b4 h5 34.
b5 Re8 35. Re1 Qa5 36. Re2 Qb6 37. Bc6 Re7 38. Kg2 Kh7 39. h4 Bd4 40. Qd5 Kg7
41. Qd6 Bc5 42. Qd3 Bd4 43. Ra2 Qc5 44. Re2 Qe5 45. Bf3 Bb6 46. Qd5 Qf6 47. Rc2
f4 48. Rc6 Qb2+ 49. Kh3 e2 50. Qd6 e1=Q 51. Qxg6+ Kf8 52. Rf6+ Qxf6 53. Qxf6+
Rf7 54. Qh6+ Ke7 55. Qg5+ Rf6 56. Qg7+ Rf7 57. Qg5+ Kd7 58. Qd5+ Ke7 59. Qg5+
Rf6 60. Qg7+ Ke6 61. Qg8+ Kd6 62. Qd5+ Ke7 63. Qb7+ Kf8 64. Qc8+ Kg7 65. Qd7+
Rf7 0-1

[Event "World Blitz 2025"]
[Site "Doha QAT"]
[Date "2025.12.29"]
[Round "10.37"]
[White "Sevian, Samuel"]
[Black "Alexakis, Dimitris"]
[Result "1-0"]
[WhiteTitle "GM"]
[BlackTitle "GM"]
[WhiteElo "2688"]
[BlackElo "2544"]
[WhiteFideId "2040506"]
[BlackFideId "4277023"]
[EventDate "2025.12.29"]

1. c4 c5 2. Nc3 Nc6 3. g3 g6 4. Bg2 Bg7 5. d3 e6 6. h4 h6 7. h5 g5 8. f4 gxf4 9.
Bxf4 Nge7 10. Nb5 O-O 11. Bc7 Be5 12. Bxd8 Bxg3+ 13. Kd2 Rxd8 14. e3 Be5 15. d4
cxd4 16. exd4 Bg7 17. Nf3 d5 18. c5 b6 19. Rc1 Rb8 20. b3 bxc5 21. Rxc5 a6 22.
Nc3 Nxd4 23. Nxd4 Bxd4 24. Qg4+ Bg7 25. Rg1 e5 26. Rxc8 Rbxc8 27. Bh3 Ng6 28.
hxg6 f5 29. Qxf5 e4 30. Qf7+ Kh8 31. Bxc8 Rxc8 32. Rh1 1-0

[Event "World Blitz 2025"]
[Site "Doha QAT"]
[Date "2025.12.29"]
[Round "10.38"]
[White "Giri, Anish"]
[Black "Erdogmus, Yagiz Kaan"]
[Result "1/2-1/2"]
[WhiteTitle "GM"]
[BlackTitle "GM"]
[WhiteElo "2760"]
[BlackElo "2658"]
[WhiteFideId "24116068"]
[BlackFideId "44599790"]
[EventDate "2025.12.29"]

1. c4 e6 2. g3 d5 3. Bg2 Nf6 4. Nf3 Bd6 5. O-O O-O 6. b3 e5 7. cxd5 e4 8. Ne1
Be5 9. Nc3 Nxd5 10. Bb2 f5 11. Qc1 Nxc3 12. Bxc3 Nc6 13. Bxe5 Nxe5 14. Qc3 Qd6
15. d4 Nc6 16. e3 Be6 17. Rc1 Nb4 18. Qb2 Nd5 19. Nc2 a5 20. Na3 a4 21. Nc4 Qe7
22. bxa4 Qb4 23. Qxb4 Nxb4 24. Ne5 Nd5 25. Rc4 Ra7 26. Rb1 Rfa8 27. Bf1 Kf8 28.
a5 Ke7 29. a6 Rxa6 30. Rxb7 Rxa2 31. Rc1 Ra1 32. Rbb1 Rxb1 33. Rxb1 Kd6 34. Rc1
Nb4 35. Bc4 Bxc4 36. Rxc4 Nd3 37. Rc6+ Kd5 38. Rxc7 Ra1+ 39. Kg2 Ra2 40. Rd7+
Ke6 41. Rxg7 Nxf2 42. Rxh7 Ng4+ 43. Kg1 Nxe3 44. Ng6 Rg2+ 45. Kh1 Rd2 46. Nf4+
Kd6 47. Kg1 Rxd4 48. Kf2 Ng4+ 49. Ke2 Ra4 50. h3 Ra2+ 51. Ke1 Ne5 52. Rh6+ Kc5
53. Ne2 Nd3+ 54. Kf1 Ra1+ 55. Kg2 Re1 56. Nc3 Kd4 57. Nb5+ Ke3 58. Nd6 Re2+ 59.
Kg1 Re1+ 60. Kg2 Re2+ 61. Kg1 Kf3 62. Nxf5 Rg2+ 63. Kf1 Rf2+ 64. Kg1 Rg2+ 65.
Kf1 Ra2 66. Nd4+ Ke3 67. Nf5+ Kf3 68. Nd4+ Kxg3 69. Rg6+ 1/2-1/2

[Event "World Blitz 2025"]
[Site "Doha QAT"]
[Date "2025.12.29"]
[Round "10.39"]
[White "Kosakowski, Jakub"]
[Black "Maghsoodloo, Parham"]
[Result "0-1"]
[WhiteTitle "GM"]
[BlackTitle "GM"]
[WhiteElo "2549"]
[BlackElo "2708"]
[WhiteFideId "1185080"]
[BlackFideId "12539929"]
[EventDate "2025.12.29"]

1. e4 c5 2. Nf3 d6 3. d4 cxd4 4. Nxd4 Nf6 5. Bd3 Nc6 6. Be3 Ng4 7. Nxc6 bxc6 8.
Bd2 Rb8 9. Bc3 e5 10. Nd2 Be7 11. h3 Nf6 12. O-O O-O 13. f4 exf4 14. Rxf4 Be6
15. Qe2 Nd7 16. Raf1 Ne5 17. b3 Bg5 18. R4f2 Bh4 19. Rf4 Bg3 20. R4f3 Nxf3+ 21.
Nxf3 Bf4 22. Kh1 c5 23. Bc4 Qe7 24. Bxe6 Qxe6 25. Nh4 Be5 26. Bd2 g6 27. Nf3
Rbe8 28. Nxe5 Qxe5 29. Bh6 Qxe4 30. Qd1 d5 31. Bxf8 Kxf8 32. Qd2 d4 33. Qg5 Qe5
34. Qg4 Re7 35. a3 Kg7 36. Qc8 h5 37. Rf3 Qd6 38. Rf1 Qd5 39. Qa6 Re3 40. Qxa7
Rxh3+ 41. Kg1 Rc3 42. Rf2 d3 43. cxd3 Rc1+ 44. Kh2 Qe5+ 45. g3 Qd5 46. Rg2 Qxb3
47. d4 c4 48. d5 Qd3 49. Qc5 Qd1 50. Rg1 Qxg1+ 0-1

[Event "World Blitz 2025"]
[Site "Doha QAT"]
[Date "2025.12.29"]
[Round "10.40"]
[White "Bjerre, Jonas Buhl"]
[Black "Mamedyarov, Shakhriyar"]
[Result "0-1"]
[WhiteTitle "GM"]
[BlackTitle "GM"]
[WhiteElo "2623"]
[BlackElo "2730"]
[WhiteFideId "1444948"]
[BlackFideId "13401319"]
[EventDate "2025.12.29"]

1. e4 d6 2. d4 Nf6 3. Nc3 e5 4. Nf3 Nbd7 5. Be2 Be7 6. O-O O-O 7. a4 c6 8. a5
Re8 9. d5 Qc7 10. h3 h6 11. Be3 cxd5 12. exd5 Bf8 13. Nd2 e4 14. Ra4 Nc5 15.
Bxc5 dxc5 16. Bb5 Re5 17. Ndxe4 Nxe4 18. Nxe4 a6 19. d6 Qd8 20. Bd3 Bd7 21. Rc4
Qxa5 22. Nxc5 Bc6 23. b4 Qd8 24. Rd4 a5 25. Be4 axb4 26. Nxb7 Bxb7 27. Bxb7 Rb8
28. Bf3 Qd7 29. Bg4 f5 30. Bf3 Rb6 31. Re1 Rxe1+ 32. Qxe1 Rxd6 33. Rxb4 Re6 34.
Qb1 Bxb4 35. Qxb4 Qd6 36. Qc4 Kh7 37. h4 Re1+ 0-1

[Event "World Blitz 2025"]
[Site "Doha QAT"]
[Date "2025.12.29"]
[Round "10.41"]
[White "Salem, A.R. Saleh"]
[Black "Vetokhin, Savva"]
[Result "1-0"]
[WhiteTitle "GM"]
[BlackTitle "GM"]
[WhiteElo "2635"]
[BlackElo "2572"]
[WhiteFideId "9301348"]
[BlackFideId "44144474"]
[EventDate "2025.12.29"]

1. d4 Nf6 2. c4 e6 3. Nc3 Bb4 4. a3 Bxc3+ 5. bxc3 c5 6. f3 d5 7. cxd5 exd5 8. e3
b6 9. Bb5+ Bd7 10. Bd3 O-O 11. Ne2 Qc8 12. O-O Bf5 13. Ng3 Bxd3 14. Qxd3 Qa6 15.
Qd1 Nc6 16. e4 cxd4 17. cxd4 dxe4 18. fxe4 Rad8 19. d5 Ne5 20. Bg5 Ned7 21. Nh5
Nxh5 22. Bxd8 Rxd8 23. Qxh5 f6 24. Qh3 Nc5 25. Rae1 Qc4 26. Kh1 Qd4 27. Qe3 Qe5
28. Rf5 Qe7 29. Qd4 Nd7 30. a4 Ne5 31. Rc1 Qa3 32. Rff1 Qd6 33. h3 h6 34. Rc2
Rd7 35. Rc8+ Kh7 36. Qf2 Ng6 37. Qf5 Re7 38. Rc6 Qg3 39. d6 Re5 40. Qf3 Qg5 41.
d7 f5 42. exf5 Nf8 43. f6 Nxd7 44. Qd3+ 1-0

[Event "World Blitz 2025"]
[Site "Doha QAT"]
[Date "2025.12.29"]
[Round "10.42"]
[White "Svane, Rasmus"]
[Black "Gavrilescu, David"]
[Result "1/2-1/2"]
[WhiteTitle "GM"]
[BlackTitle "GM"]
[WhiteElo "2608"]
[BlackElo "2542"]
[WhiteFideId "4657101"]
[BlackFideId "1227190"]
[EventDate "2025.12.29"]

1. Nf3 d5 2. g3 c5 3. Bg2 Nc6 4. d4 Nf6 5. O-O e6 6. c4 dxc4 7. Qa4 Bd7 8. Qxc4
cxd4 9. Nxd4 Rc8 10. Nc3 Nxd4 11. Qxd4 Bc5 12. Qh4 Bc6 13. Bxc6+ Rxc6 14. Rd1
Qa5 15. Bg5 Be7 16. Ne4 Qe5 17. Nxf6+ Bxf6 18. Bxf6 Qxf6 19. Qxf6 gxf6 20. Rac1
Rxc1 21. Rxc1 Kd7 22. Kg2 f5 23. Rc4 h5 24. Kf3 Kd6 25. Ra4 a6 26. Rd4+ Ke7 27.
Rc4 Kd6 28. h3 b5 29. Rd4+ Ke7 30. Ke3 a5 31. Rh4 Rc8 32. Kd2 Rd8+ 33. Kc2 Rc8+
34. Kd3 Rd8+ 35. Rd4 Rh8 36. a4 bxa4 37. Rxa4 Rb8 38. Kc3 Rb5 39. Rh4 Rc5+ 40.
Rc4 Kd6 41. Kd4 Rd5+ 42. Kc3 Rc5 43. Kd4 Rd5+ 44. Kc3 Ke5 1/2-1/2

[Event "World Blitz 2025"]
[Site "Doha QAT"]
[Date "2025.12.29"]
[Round "10.43"]
[White "Iturrizaga Bonelli, Eduardo"]
[Black "Sahidi, Samir"]
[Result "1/2-1/2"]
[WhiteTitle "GM"]
[BlackTitle "IM"]
[WhiteElo "2592"]
[BlackElo "2516"]
[WhiteFideId "3901211"]
[BlackFideId "14936372"]
[EventDate "2025.12.29"]

1. c4 e5 2. g3 Nc6 3. Bg2 f5 4. Nc3 Nf6 5. d3 Bb4 6. Bd2 O-O 7. Nd5 Bxd2+ 8.
Qxd2 d6 9. e3 Be6 10. Ne2 Rb8 11. O-O Ne7 12. Ndc3 c6 13. f4 Qc7 14. Rac1 Rbd8
15. b3 d5 16. fxe5 Qxe5 17. d4 Qc7 18. Nf4 Bf7 19. cxd5 Nfxd5 20. Ncxd5 Nxd5 21.
Nd3 Be6 22. Ne5 Qe7 23. Qf2 Qg5 24. Rfe1 Nf6 25. Qf4 h6 26. Nd3 Bd5 27. Qxg5
hxg5 28. Nc5 Rf7 29. Bxd5 Rxd5 30. e4 fxe4 31. Nxe4 Nxe4 32. Rxe4 Rfd7 33. Rc4
Kf7 34. Kf2 R7d6 35. Ke3 Rh6 36. Rc2 Rf6 37. a4 Rf1 38. Rf2+ Rxf2 39. Kxf2 Rf5+
40. Ke2 a5 41. Re3 g4 42. Re4 Rh5 43. Rxg4 Rxh2+ 44. Kd3 Rf2 45. Rg5 b6 46. Kc3
Kf6 47. Re5 Rf3+ 48. Kc4 Rxg3 49. Re8 Rg1 50. Rb8 Rc1+ 51. Kd3 g5 52. Rxb6 Kf5
53. Ra6 g4 54. Rxa5+ Kf4 55. Ra8 g3 56. Rf8+ Kg4 57. Rg8+ Kf3 58. Rf8+ Kg4 59.
Rg8+ Kh3 60. Rh8+ Kg2 61. b4 Rb1 62. Kc4 Rc1+ 63. Kd3 Rb1 64. Kc3 Rc1+ 65. Kb2
Rc4 66. Kb3 Rxd4 67. a5 Rd1 68. Kc4 Kf3 69. Rf8+ Ke3 70. Re8+ Kf3 71. Rf8+ Ke3
72. Re8+ 1/2-1/2

[Event "World Blitz 2025"]
[Site "Doha QAT"]
[Date "2025.12.29"]
[Round "10.44"]
[White "Gurel, Ediz"]
[Black "Mamedov, Rauf"]
[Result "1/2-1/2"]
[WhiteTitle "GM"]
[BlackTitle "GM"]
[WhiteElo "2645"]
[BlackElo "2645"]
[WhiteFideId "44507356"]
[BlackFideId "13401653"]
[EventDate "2025.12.29"]

1. e4 c5 2. Nf3 d6 3. d4 cxd4 4. Nxd4 Nf6 5. Nc3 g6 6. Be3 Bg7 7. Be2 Nc6 8. O-O
O-O 9. f4 Bd7 10. Kh1 Nxd4 11. Bxd4 Bc6 12. Bf3 Rc8 13. Qe2 e5 14. fxe5 Nd7 15.
Bg4 dxe5 16. Bxa7 Qa5 17. Be3 Qb4 18. Bxd7 Bxd7 19. Nd5 Qxe4 20. Ne7+ Kh8 21.
Nxc8 Bxc8 22. Qf2 Be6 23. b3 f5 24. Rae1 Qc6 25. Bc1 Bd5 26. Bb2 Be4 27. c4 h5
28. h3 Kh7 29. Rd1 Rf7 30. Rfe1 Rd7 31. Rxd7 Qxd7 32. Qe2 Qd8 33. Rd1 Qh4 34.
Kh2 Qf4+ 35. Kg1 Bc6 36. b4 Ba4 37. Rf1 Qg3 38. Rf3 Qg5 39. Bxe5 Bc6 40. Bxg7
Bxf3 41. Qxf3 Kxg7 42. Qxb7+ Kh6 43. Qf3 Qd2 44. b5 Qd4+ 45. Qf2 Qxc4 46. b6 Qb4
47. a3 Qxa3 48. Qf4+ g5 49. Qc7 Qe3+ 50. Kh1 f4 51. Qc6+ Kg7 52. Qc7+ Kh6 53.
Qd6+ Kg7 54. Qc7+ Kh6 55. Qc6+ Kg7 56. Qb5 Qe1+ 57. Kh2 Qg3+ 58. Kg1 Qe1+ 59.
Qf1 Qb4 60. Qa1+ Kg6 61. Qa6 Qe1+ 62. Qf1 Qe3+ 63. Qf2 Qb3 64. Qd4 g4 65. hxg4
hxg4 66. Qxf4 Qxb6+ 67. Kh2 Qe6 68. Kg3 Kh5 1/2-1/2

[Event "World Blitz 2025"]
[Site "Doha QAT"]
[Date "2025.12.29"]
[Round "10.45"]
[White "Daneshvar, Bardiya"]
[Black "Amar, Elham"]
[Result "0-1"]
[WhiteTitle "GM"]
[BlackTitle "GM"]
[WhiteElo "2600"]
[BlackElo "2592"]
[WhiteFideId "12576468"]
[BlackFideId "1533533"]
[EventDate "2025.12.29"]

1. e4 c6 2. Nf3 d5 3. Nc3 dxe4 4. Nxe4 Nf6 5. Qe2 Nxe4 6. Qxe4 Nd7 7. d4 Nf6 8.
Qf4 Nd5 9. Qe5 Bg4 10. Be2 e6 11. c3 Qf6 12. Qg3 Bxf3 13. Qxf3 Qd8 14. Qg3 h5
15. Bg5 h4 16. Qg4 Nf6 17. Qf3 Be7 18. O-O Nd5 19. Bd2 Bg5 20. Rfd1 Bxd2 21.
Rxd2 Qf6 22. Qxf6 gxf6 23. Bf3 Ke7 24. Re1 Rad8 25. Be4 Kf8 26. g3 f5 27. Bf3
Kg7 28. Kg2 Kf6 29. a3 Rd7 30. a4 a5 31. Ra1 Ne7 32. Re2 Rg8 33. Kf1 Rh8 34. Re5
hxg3 35. hxg3 Ra8 36. Kg2 b6 37. Rh1 Rg8 38. Kf1 Rd6 39. Rh7 Ng6 40. Re1 c5 41.
dxc5 bxc5 42. Rd1 Rb6 43. Rd2 Rgb8 44. Bh5 Rxb2 45. Rd7 Rf8 46. Ra7 Rc2 47. Rxa5
Rxc3 48. Ra7 Ra3 49. Bxg6 Kxg6 50. Rh4 Rc8 51. Rc4 Ra2 52. Ra5 Kf6 53. Rb5 Ra8
54. Rbxc5 R8xa4 55. Rxa4 Rxa4 56. Kg2 Ra3 57. Rc4 Kg6 58. Rb4 Ra6 59. Rc4 f6 60.
Rb4 e5 61. Rb8 Ra2 62. Kf3 Ra3+ 63. Ke2 Ra4 64. Rg8+ Kf7 65. Rb8 Rc4 66. Ke3 Rd4
67. Rb7+ Kg6 68. Rb8 Ra4 69. Rb7 Ra3+ 70. Ke2 Ra4 71. Ke3 f4+ 72. gxf4 Rxf4 73.
Rb8 Ra4 74. Kf3 Kf5 75. Rh8 Ra3+ 76. Ke2 e4 77. Rf8 Ke5 78. Rh8 f5 79. Rh4 Ra2+
80. Kf1 Rb2 81. Rh3 Ra2 82. Rb3 Kf4 83. Kg2 Rc2 84. Ra3 Rb2 85. Rc3 Kg5 86. Rg3+
Kf6 87. Ra3 f4 88. Kg1 Kf5 89. Rc3 Ra2 90. Rb3 Kg4 91. Rc3 Rb2 92. Ra3 Rc2 93.
Rb3 Rd2 94. Ra3 Rd1+ 95. Kh2 f3 96. Ra8 e3 97. Rg8+ Kh5 0-1

[Event "World Blitz 2025"]
[Site "Doha QAT"]
[Date "2025.12.29"]
[Round "10.46"]
[White "Hong, Andrew"]
[Black "Sargsyan, Shant"]
[Result "1/2-1/2"]
[WhiteTitle "GM"]
[BlackTitle "GM"]
[WhiteElo "2568"]
[BlackElo "2665"]
[WhiteFideId "2099438"]
[BlackFideId "13306766"]
[EventDate "2025.12.29"]

1. e4 e5 2. Nf3 Nc6 3. Bb5 a6 4. Ba4 Nf6 5. O-O Be7 6. Re1 b5 7. Bb3 O-O 8. a4
b4 9. d4 d6 10. dxe5 Nxe5 11. Nxe5 dxe5 12. Qe2 Bc5 13. Nd2 a5 14. h3 Bb7 15.
Bc4 Qe7 16. Bd3 g6 17. Nc4 Nh5 18. Qg4 Bc8 19. Qf3 Kg7 20. Be3 Bxe3 21. Qxe3 Nf4
22. Bf1 Ba6 23. Rad1 Bxc4 24. Bxc4 Rfd8 25. Kh2 h5 26. g3 Ne6 27. Bxe6 Qxe6 28.
Qc5 h4 29. g4 Rd6 30. Rd5 Rc6 31. Qe3 Rxc2 32. Re2 Rxe2 33. Qxe2 c6 34. Rc5 Qd6
35. Qc2 Qd4 36. Rc4 b3 37. Rxd4 bxc2 38. Rc4 Rb8 39. Rxc2 Rb4 40. Rxc6 Rxa4 41.
Rc5 Kf6 42. Kg2 Rxe4 43. Rxa5 Rb4 44. Ra2 Rb3 45. Ra6+ Kg5 46. Ra2 f6 47. Ra6
Rxb2 48. Re6 Rb5 49. Re8 Rb6 50. Re7 Kf4 51. Rg7 g5 52. Re7 e4 53. Re8 Rb5 54.
Re6 f5 55. gxf5 Rxf5 56. Re8 Rf6 57. Re7 Rf8 58. Re6 Ra8 59. Re7 Ra6 60. Re8 Kf5
61. Rf8+ Rf6 62. Re8 Kf4 63. Re7 Rf5 64. Re8 Rf7 65. Re6 Rg7 66. Rf6+ Ke5 67.
Rf8 g4 68. Re8+ Kd4 69. Rd8+ Kc3 70. hxg4 Rxg4+ 71. Kf1 Rf4 72. Ke2 Rf3 73. Rh8
h3 74. Rd8 Kc4 75. Rd7 Ra3 76. Rd8 e3 77. Rh8 exf2 78. Kxf2 Kd4 79. Rh4+ Ke5 80.
Kg1 Kf5 81. Kh2 Kg5 82. Rxh3 Rxh3+ 83. Kxh3 1/2-1/2

[Event "World Blitz 2025"]
[Site "Doha QAT"]
[Date "2025.12.29"]
[Round "10.47"]
[White "Ibarra Jerez, Jose Carlos"]
[Black "Tsaruk, Maksim"]
[Result "0-1"]
[WhiteTitle "GM"]
[BlackTitle "GM"]
[WhiteElo "2532"]
[BlackElo "2515"]
[WhiteFideId "2226332"]
[BlackFideId "13511173"]
[EventDate "2025.12.29"]

1. e4 e5 2. Nf3 Nc6 3. Nc3 Nf6 4. Nd5 d6 5. d4 Be7 6. Nxe7 Qxe7 7. d5 Nb8 8. Bd3
a5 9. Ng1 c6 10. c4 Na6 11. f3 Nc5 12. Bc2 O-O 13. Ne2 b5 14. cxb5 cxd5 15. exd5
e4 16. O-O exf3 17. Rxf3 Bg4 18. Re3 Qb7 19. h3 Bh5 20. g4 Bg6 21. Bxg6 hxg6 22.
Nc3 a4 23. Rf3 Nfe4 24. Nxe4 Nxe4 25. Qd3 Nc5 26. Qc4 Rac8 27. Be3 Nd7 28. Qxa4
Qxd5 29. Raf1 Ne5 30. R3f2 Rc4 31. Qd1 Qe4 32. Qd2 Nd3 33. Re2 Rfc8 34. Ba7 Qd5
35. Rd1 Rc2 36. Qxd3 Qxd3 37. Rxd3 Rxe2 38. Rd1 Rxb2 39. b6 Rcc2 40. a4 Rc5 41.
Ra1 Ra5 42. Kf1 Kf8 43. h4 Ke8 44. Re1+ Kd7 45. Rc1 Rxa4 46. Rc7+ Ke6 47. Rc1
Rf4+ 48. Ke1 Rxg4 49. Kf1 Rxh4 50. Kg1 Rhb4 51. Re1+ Kd7 52. Re3 Rb1+ 53. Kf2
R4b2+ 54. Kf3 Rb3 0-1

[Event "World Blitz 2025"]
[Site "Doha QAT"]
[Date "2025.12.29"]
[Round "10.48"]
[White "Mendonca, Leon Luke"]
[Black "Christiansen, Johan-Sebastian"]
[Result "1-0"]
[WhiteTitle "GM"]
[BlackTitle "GM"]
[WhiteElo "2615"]
[BlackElo "2655"]
[WhiteFideId "35028561"]
[BlackFideId "1512668"]
[EventDate "2025.12.29"]

1. Nf3 Nf6 2. b4 e5 3. Nxe5 Bxb4 4. Bb2 d5 5. e3 O-O 6. Be2 c5 7. O-O Ba5 8. d3
Bc7 9. Nd2 Qe7 10. Ndf3 b6 11. c4 Bb7 12. cxd5 Bxd5 13. d4 Rd8 14. Qc2 cxd4 15.
Bxd4 Be4 16. Qc3 Bd6 17. Rfd1 Bb4 18. Qb2 Ba3 19. Qb3 Nbd7 20. Bc4 Nxe5 21. Nxe5
Bd5 22. Bxd5 Rxd5 23. Nxf7 Qxf7 24. Qxa3 Rad8 25. f3 Kh8 26. Rdc1 Ne8 27. Rc6
Qd7 28. Rac1 Rxd4 29. exd4 Qxd4+ 30. Kf1 Qd7 31. Qc3 Qe7 32. Rc8 h6 33. Rxd8
Qxd8 34. Qc8 Qd3+ 35. Kg1 Qe3+ 36. Kh1 Kg8 37. h3 Kf8 38. Qc3 Qe2 39. Re1 Qxa2
40. Qb4+ 1-0

[Event "World Blitz 2025"]
[Site "Doha QAT"]
[Date "2025.12.29"]
[Round "10.49"]
[White "Shimanov, Aleksandr"]
[Black "Dau Khuong Duy"]
[Result "1-0"]
[WhiteTitle "GM"]
[BlackTitle "IM"]
[WhiteElo "2578"]
[BlackElo "2489"]
[WhiteFideId "4198603"]
[BlackFideId "12424722"]
[EventDate "2025.12.29"]

1. d4 Nf6 2. Bf4 g6 3. Nc3 d6 4. e4 Bg7 5. Qd2 c6 6. f3 Nbd7 7. Bh6 Bxh6 8. Qxh6
b5 9. O-O-O Qa5 10. Kb1 b4 11. Nce2 Ba6 12. Nh3 Nb6 13. Nc1 Bxf1 14. Rhxf1 Na4
15. Rfe1 Rb8 16. Nb3 Qh5 17. Qd2 O-O 18. e5 Nd5 19. Nf4 Nxf4 20. Qxf4 d5 21. h4
Qf5 22. Qh6 Rfc8 23. g4 Qxf3 24. h5 c5 25. e6 Rf8 26. hxg6 fxg6 27. Rh1 Qxd1+
28. Rxd1 1-0

[Event "World Blitz 2025"]
[Site "Doha QAT"]
[Date "2025.12.29"]
[Round "10.50"]
[White "Khubukshanov, Erdem"]
[Black "Kevlishvili, Robby"]
[Result "0-1"]
[WhiteTitle "IM"]
[BlackTitle "GM"]
[WhiteElo "2502"]
[BlackElo "2527"]
[WhiteFideId "54114527"]
[BlackFideId "1040634"]
[EventDate "2025.12.29"]

1. e4 e5 2. Nf3 Nc6 3. Bc4 Bc5 4. O-O Nf6 5. d3 O-O 6. Re1 h6 7. c3 d6 8. h3 a6
9. a4 Ba7 10. Nbd2 Ne7 11. d4 Nc6 12. dxe5 Nxe5 13. Nxe5 dxe5 14. a5 Qe7 15. Bf1
Be6 16. Nf3 Bd7 17. Be3 Bxe3 18. Rxe3 Bc6 19. Qc2 Rfd8 20. Nh4 g6 21. Nf3 Rd6
22. c4 Rd7 23. b4 Qxb4 24. Nxe5 Rd2 25. Nxc6 bxc6 26. Qc1 Rad8 27. e5 Nh5 28. e6
fxe6 29. Rxe6 Qc5 30. Qe1 Nf4 31. Re4 Qf5 32. Qe3 g5 33. Re1 Ng6 34. f3 Kg7 35.
h4 gxh4 36. Rg4 R8d7 37. Qe6 Qf6 38. Qe8 h5 39. Rge4 h3 40. Re6 Qg5 41. Rxg6+
Qxg6 42. Qe5+ Kh7 43. g3 Rg7 44. Kh1 Qg5 45. Qe4+ Kh6 46. Qe8 Rd6 47. Qh8+ Rh7
48. Qf8+ Rg7 49. Re4 Qxg3 50. Qh8+ Rh7 51. Qf8+ Qg7 52. Qf4+ Qg5 53. Qf8+ Rg7
54. Qh8+ Kg6 55. Qe8+ Kh7 56. Rg4 hxg4 57. f4 Qg6 58. Qe5 Rd1 59. Qe2 Rxf1+ 60.
Qxf1 Qe4+ 61. Kh2 Qg2+ 0-1